Die 15 beliebtesten Instagram-Accounts (2025) - Statistiken

Allgemein
  • Dieses Quiz wurde 82 mal gespielt
  • Das Durchschnittsergebnis liegt bei 9 aus 15
Antwortstatistiken
Follower Hinweis Account % Korrekt
665 Mio. •Fußballer 🇵🇹 Cristiano Ronaldo
100%
507 Mio. •Fußballer 🇦🇷 Leo Messi
99%
695 Mio. •soziales Netzwerk für Foto & Video Instagram
86%
299 Mio. •Sportartikelhersteller Nike
83%
282 Mio. •Sängerin & Songwriterin Taylor Swift
74%
392 Mio. •früher Wrestler Dwayne Johnson
65%
355 Mio. •Medienpersönlichkeit Kim Kardashian
60%
294 Mio. •Sänger Justin Bieber
57%
392 Mio. •Reality-TV-Teilnehmerin Kylie Jenner
51%
418 Mio. •Schauspielerin & Sängerin Selena Gomez
44%
286 Mio. •u.a. Model & Reality-TV-Teilnehmerin Kendall Jenner
42%
373 Mio. •Sängerin & Schauspielerin Ariana Grande
40%
301 Mio. •u.a. Reality-Show-Teilnehmerin & Model Khloé Kardashian
35%
310 Mio. •Sängerin Beyoncé
33%
277 Mio. •Magazin National Geographic
3%
Keine übereinstimmenden Quizze gefunden
Verteilung der Resultate
Anzahl Personen mit jedem Resultat
Perzentil nach korrekt beantworteten Fragen
Ihre Resultats-Entwicklung
Sie haben dieses Quiz noch nicht gespielt